[Event "Burjassot U2200 op 7th"]
[Site "Burjassot"]
[Date "2019.09.27"]
[Round "3"]
[White "Carrasco Lopez, Juan Jose"]
[Black "Bares Moreno, Pau"]
[Result "0-1"]
[WhiteElo "1574"]
[BlackElo "1868"]
[PlyCount "88"]
[EventDate "2019.09.06"]
[EventType "swiss"]
[EventRounds "7"]
[EventCountry "ESP"]
[SourceTitle "EXT 2024"]
[Source "ChessBase"]
[SourceDate "2023.10.10"]
[SourceVersion "1"]
[SourceVersionDate "2023.10.10"]
[SourceQuality "1"]

1. e4 c5 2. c3 Nf6 3. e5 Nd5 4. Nf3 Nc6 5. d4 cxd4 6. Be2 e6 7. cxd4 Bb4+ 8. Bd2 d6 9. 0-0 dxe5 10. dxe5 0-0 11. a3 Bxd2 12. Nbxd2 Qc7 13. Rc1 Qb8 14. Nc4 b5 15. Nd6 Nxe5 16. Nxe5 Qxd6 17. Qd4 a6 18. Rfd1 Bb7 19. Rd3 Rac8 20. Rcd1 f6 21. Ng4 Qe7 22. Rg3 e5 23. Qd3 Nf4 24. Qb3+ Kh8 25. Bf1 Rcd8 26. Ne3 g6 27. Rc1 Nd5 28. Re1 f5 29. Nxd5 Rxd5 30. f4 e4 31. Ree3 Rc8 32. Qa2 Rc1 33. b4 Rdd1 34. Qb2+ Qg7 35. Qxg7+ Kxg7 36. Kf2 Rxf1+ 37. Ke2 Rfe1+ 38. Kd2 Rcd1+ 39. Kc2 Rxe3 40. Rxe3 Rd4 41. Kb2 Rd3 42. Re2 Bd5 43. Rc2 Bc4 44. g3 Rb3+ 0-1